| 000 | 01857nam0a2200421 4500 | ||
|---|---|---|---|
| 001 | RU\NLR\BIBL_A\012407606 | ||
| 005 | 20260406134252.0 | ||
| 010 |
_a9785978110579 _916000 |
||
| 021 |
_aRU _b2020-48273 _9КН-П-3657 |
||
| 021 |
_aRU _b2023-66729 _9КН-П-6789 |
||
| 021 |
_aRU _b2021-89573 _9КН-П-7137 |
||
| 035 | _a(RuMoRGB)010401790 | ||
| 035 | _a(NLR Aleph) 012407606 | ||
| 090 |
_a11758923 _c11758923 |
||
| 100 | _a20201119d2020 b y0rusy50 ca | ||
| 101 | 1 |
_arus _cdan |
|
| 102 | _aRU | ||
| 105 | _aa z 000ay | ||
| 181 | 0 |
_ai _baxxe |
|
| 182 | 0 | _an | |
| 200 | 1 |
_aСказки Ханса Кристиана Андерсена _e[для чтения взрослыми детям до 3-х лет _fперевод с датского А. В. Ганзен _gхудожники: Крамина Владислава Михайловна и др.] |
|
| 203 |
_aТекст _bвизуальный _cнепосредственный |
||
| 210 |
_aМосква _cСамовар _d2020 |
||
| 215 |
_a126, [2] с. _cцв. ил. _d22 |
||
| 225 | 1 | _aСказка за сказкой | |
| 300 | _aЗагл. обл.: Сказки Х. К. Андерсена | ||
| 327 | 1 | _aНа обл. содерж.: Дюймовочка; Снежная королева; Свинопас; Новый наряд короля; Принцесса на горошине | |
| 333 | _a0+ | ||
| 512 | 1 | _aСказки Х. К. Андерсена | |
| 686 | 0 | _aШ9(4Д)60-4 | |
| 700 | 1 |
_8rus _7ca _aАндерсен _bХ. К. _f1805-1875 _gХанс Кристиан _3RU\NLR\AUTH\772165 _9112181 |
|
| 702 | 1 |
_4440 _8rus _7ca _aКрамина _bВ. М. _gВладислава Михайловна _3RU\NLR\AUTH\7752111 _935044 |
|
| 942 | _cBOOK | ||
| 980 | _aNBR | ||